Country Capitals By Letter- C - Statistics

General Stats
  • This quiz has been taken 1,316 times
  • The average score is 5 of 7
Answer Stats
Capital % Correct
Cairo
75%
Canberra
74%
Caracas
73%
Copenhagen
66%
Chisinau
59%
Castries
54%
Conakry
50%
No matching quizzes found
Score Distribution
Percent of People with Each Score
Percentile by Number Answered
Your Score History
You have not taken this quiz